Normale Ansicht MARC-Ansicht ISBD

Damals in der DDR - Zeitzeugen erzählen ihre Geschichte : (Titelsatznr. 34353)

[ MARC ]
MARC-Details
000 -Satzkennung
Kontrollfeld mit fester Länge 00627nam a22001931c 4500
001 - Kontrollnummer
Kontrollfeld a987660242
008 - Feld mit fester Länge zur physischen Beschreibung - Allgemeine Angaben
Kontrollfeld mit fester Länge 100507s2006 gw |||| 000u ger d
041 ## - Sprachcode
Sprachcode des Textes/der Tonspur oder des separaten Titels ger
040 ## - Katalogisierungsquelle
Übertragungsstelle RU-10907106
003 - Kontrollnummer Identifier
Kontrollfeld RU-10907106
245 00 - Titel
Titel Damals in der DDR - Zeitzeugen erzählen ihre Geschichte :
Zusatz zum Titel Elektronische Ressource
264 ## - Produktion, Veröffentlichung, Distribution, Herstellung und Urheberrechtsvermerk
Herstellungs-, Veröffentlichungs- Vertriebs-, Erzeugungsort Bonn :
Produzent, Herausgeber, Distributor, Hersteller Bundeszentrale für politische Bildung,
Datum der Herstellung, der Veröffentlichung, des Vertriebs oder des Urheberschutzvermerks 2006
300 ## - Physische Beschreibung
Umfang 1 DVD-ROM
336 ## - Inhaltstyp
Inhaltstypterm Text
Inhaltstypcode txt
Quelle rdacontent
337 ## - Medientyp
Bezeichnung des Medientyps Computermedien
Medientypcode c
Quelle rdamedia
338 ## - Datenträgertyp
Datenträgertypbezeichnung Computerdisk
Datenträgertypcode cd
Quelle rdacarrier
506 ## - Fußnote zu Zugangsbeschränkungen
Zugangsbedingungen Sonderstandort, wenden Sie sich bitte an das Bibliothekspersonal.
942 ## - Zusätzliche Felder (Koha)
Koha-Medientyp AV-Medien
Exemplare
Ausgeschieden Verloren Beschädigt Nicht entleihbar Heimatbibliothek Aufenthaltsbibliothek Aufstellungsort Erwerbungsdatum Inventarnummer Signatur Barcode Letzte Aktivität Preis gültig von Koha-Medientyp
        MWN Osteuropa MWN Osteuropa Lesesaal - 1 07/05/2010 08-01166 Inventur20150409 D 54 k Dam 34357 18/03/2021 22/03/2021 AV-Medien